Light pollution growing fast (Record no. 72729)

MARC details
000 -LEADER
fixed length control field 00917cam a2200181 4500
001 - CONTROL NUMBER
control field WB3919-08
008 - FIXED-LENGTH DATA ELEMENTS--GENERAL INFORMATION
fixed length control field 030522n2003 000 0 eng u
035 ## - SYSTEM CONTROL NUMBER
System control number (Sirsi) u122372
245 ## - TITLE STATEMENT
Title Light pollution growing fast
260 ## - PUBLICATION, DISTRIBUTION, ETC.
Date of publication, distribution, etc. 2003
490 ## - SERIES STATEMENT
Series statement Council for the Protection of Rural England Press Release
Volume/sequential designation (18/03) 9 May 2003 (3)
520 ## - SUMMARY, ETC.
Summary, etc. The Council for the Protection of Rural England (CPRE) has highlighted the increasing amount of light pollution in England. Between 1993 and 2000 the average amount of light shining upward per square kilometre rose by 24%, much due to overspecification on highways and property developments and it is wasting energy as well as increasing light pollution. http://www.cpre.org.uk/press-releases/press-rel-2003/18-03.htm
590 ## - LOCAL NOTE (RLIN)
Local note WB
650 ## - SUBJECT ADDED ENTRY--TOPICAL TERM
Topical term or geographic name entry element LIGHT POLLUTION
650 ## - SUBJECT ADDED ENTRY--TOPICAL TERM
Topical term or geographic name entry element PROPERTY DEVELOPMENT
690 ## - LOCAL SUBJECT ADDED ENTRY--TOPICAL TERM (OCLC, RLIN)
Topical term or geographic name as entry element ENVIRONMENTAL AND LAND CONSULTANCY
942 ## - ADDED ENTRY ELEMENTS (KOHA)
Suppress in OPAC 0
Holdings
Withdrawn status Lost status Source of classification or shelving scheme Damaged status Not for loan Home library Current library Shelving location Date acquired Total Checkouts Full call number Barcode Date last seen Copy number Price effective from Koha item type
    Dewey Decimal Classification     London London News article 22/05/2003   WB3919-08 122372-1001 06/08/2019 1 06/08/2019 News article